Statistics for Ballon D'or/UEFA Best Player in Europe award - Ultimate quiz

Click here to take the quiz!

General Stats

  • This quiz has been taken 1,044 times
    (695 since last reset)
  • The average score is 54 of 113

Answer Stats

Answer% Correct
Cristiano Ronaldo
98%
Lionel Messi
98%
Ronaldo
98%
Luka Modrić
90%
Luis Suárez
89%
Virgil Van Dijk
89%
Gareth Bale
88%
Mohamed Salah
88%
Zinedane Zidane
86%
Andrés Iniesta
85%
Ronaldinho
85%
Xavi
85%
Kaká
82%
Andriy Shevchenko
81%
Fabio Cannavaro
80%
Luís Figo
80%
Manuel Neuer
79%
Thierry Henry
79%
Gerd Müller
78%
Michael Owen
78%
Pavel Nedvěd
78%
Arjen Robben
77%
Gianluigi Buffon
77%
Luigi Riva
77%
Antoine Griezmann
75%
George Weah
75%
Marco van Basten
75%
Rivaldo
75%
Franck Ribéry
74%
Johan Cruyff
74%
Alfredo Di Stéfano
73%
Steven Gerrard
73%
Frank Lampard
72%
Lev Yashin
71%
Eusébio
69%
Michel Platini
69%
Ferenc Puskás
68%
Franz Beckenbauer
68%
Paolo Maldini
68%
Ruud Gullit
68%
Fernando Torres
67%
George Best
67%
Roberto Baggio
66%
Bobby Charlton
64%
David Beckham
64%
Hristo Stoichkov
64%
Oliver Kahn
63%
Raúl
63%
Roberto Carlos
61%
Davor Šuker
59%
Deco
58%
Lothar Matthaüs
58%
Alan Shearer
51%
Bobby Moore
49%
Jari Litmanen
49%
Matthias Sammer
49%
Jean-Pierre Papin
48%
Paolo Rossi
47%
Frank Rijkaard
45%
Stanley Matthews
44%
Dennis Bergkamp
43%
Jürgen Klinsmann
42%
Karl-Heinz Rummenigge
42%
Kenny Dalglish
41%
Kevin Keegan
41%
Gary Lineker
38%
Franco Baresi
37%
Raymond Kopa
37%
Denis Law
35%
Eric Cantona
35%
Just Fontaine
31%
Gianni Rivera
26%
Predrag Mijatović
25%
Dino Zoff
24%
Emilio Butragueño
24%
Flórián Albert
24%
Allan Simonsen
23%
Josef Masopust
23%
Oleg Blokhin
21%
Andreas Brehme
20%
Omar Sívori
20%
Zbigniew Boniek
19%
Igor Belanov
18%
Uwe Seeler
18%
Paul Breitner
17%
Jean Tigana
16%
Billy Wright
15%
John Charles
13%
Alain Giresse
12%
Dejan Savićevic
12%
Preben Elkjær
12%
Salvatore Schillaci
12%
Giacinto Facchetti
11%
Ruud Krol
11%
Duncan Edwards
10%
Helmut Rahn
10%
Jimmy Greaves
10%
Paulo Futre
10%
Rob Rensenbrink
10%
Sandro Mazzola
10%
Bernd Schuster
9%
Hans Krankl
9%
Darko Pančev
8%
Kazimierz Deyna
7%
Amancio
6%
Dragan Džajić
6%
Günter Netzer
6%
Jimmy Johnstone
6%
Johnny Haynes
5%
Karl-Heinz Schnellinger
5%
Ivo Viktor
4%

Score Distribution

Percentile by Number Answered

Percent of People with Each Score

Your Score History

You have not taken this quiz since the last reset